000 00496nam a2200145Ia 4500
008 140724s9999 xx 000 0 und d
050 _aHF 5415.2
_b.D427 2012
100 _aDe Ramos, Jan Alvene P.
245 2 _aA marketing research and analysis for Jamato Tomato Jam /
_cJan Alvene P. De Ramos.
260 _aLas PiƱas, Philippines :
_bSouthville International School and Colleges,
_cc2012.
300 _a47 p. :
_bcol. ill. ;
_c28 cm.
521 _aMarketing
942 _cTH
999 _c229212
_d229212